000 00415nam a2200181Ia 4500
001 13680
005 20260306164819.0
008 260306t2012||||xx |||||||||||||| ||spa||
041 _aESP
082 _a005.13
_bG12
100 _aGaddis, Tony
_eAUT
245 0 _aStarting out with PYTHON
260 _c2012
300 _axvii, 611 páginas :
_c
650 _aGEN
654 _aCCC
942 _cLIB
_dJUS
_fJUS
_2ddc
_n
999 _c13680
_d13680